Digitalizácia výrobných podnikov

Digitalizácia prináša nové možnosti v návrhu, analýze, vyhodnocovaní a optimalizácii výrobného prostredia a procesov v podnikoch. Vďaka využívaniu digitalizácie je možné ušetriť náklady a čas potrebný na prípadné odstraňovanie nedostatkov pri novej alebo existujúcej výrobe, ktorá sa optimalizuje. Čl...

ver descrição completa

Na minha lista:
Detalhes bibliográficos
Autor principal: Krajný, Peter
Outros Autores: Janeková, Jaroslava
Formato: Capítulo de Livro
Idioma:eslovaco
Assuntos:
Tags: Adicionar Tag
Sem tags, seja o primeiro a adicionar uma tag!

MARC

LEADER 00000naa a2200000 4500
001 0299714
005 20240417075308.4
041 0 |a slo 
044 |a SK 
245 1 0 |a Digitalizácia výrobných podnikov  |c Peter Krajný, Jaroslava Janeková 
520 |a Digitalizácia prináša nové možnosti v návrhu, analýze, vyhodnocovaní a optimalizácii výrobného prostredia a procesov v podnikoch. Vďaka využívaniu digitalizácie je možné ušetriť náklady a čas potrebný na prípadné odstraňovanie nedostatkov pri novej alebo existujúcej výrobe, ktorá sa optimalizuje. Článok sa zameriava na jednotlivé stupne digitalizácie, ich prínosy a možnosti využitia v reálnom výrobnom prostredí. 
610 2 0 |a digitalizácia 
610 2 0 |a realita virtuálna 
610 2 0 |a podnik výrobný 
610 2 0 |a výroba 
610 2 0 |a náklady 
100 1 |a Krajný, Peter 
700 1 |a Janeková, Jaroslava